| 000 | 00755nam a2200217 a 4500 | ||
|---|---|---|---|
| 001 | 13171 | ||
| 003 | BD-JhCC | ||
| 005 | 20230716105458.0 | ||
| 008 | 230605s2021 bg |||| |||| 000 0 b d | ||
| 020 | _a9789846344455 | ||
| 035 | _a(BD-JhCC)13171 | ||
| 040 |
_aBD-JhCC _dBD-JhCC |
||
| 041 | _aeng | ||
| 082 |
_a928 _bROS 2021 |
||
| 100 | _aরশীদ, রফিকুর | ||
| 245 |
_aবড়ো মানুষের স্কুলে যাওয়া / _cরফিকুর রশীদ |
||
| 260 |
_aঢাকা : _bপাঞ্জেরী পাবলিকেশন্স লি., _c২০২১ |
||
| 300 |
_a৫৬ পৃ. : _c২১ সেমি. _bচিত্রাবলী; |
||
| 650 | _aCollection of Biography | ||
| 942 |
_2ddc _cBK |
||
| 999 |
_c13171 _d13171 |
||